| 000 | 00542nam a2200217 4500 | ||
|---|---|---|---|
| 005 | 20170920113017.0 | ||
| 008 | 170920b xxu||||| |||| 00| 0 spa d | ||
| 020 | _a976875210 | ||
| 041 | _aspa | ||
| 082 | _a972.864 A293h | ||
| 100 |
_aAguilar Bulgarelli, Oscar _93960 |
||
| 245 | _aHeredia:imágenes y tradiciones de antaño | ||
| 260 | _aCosta Rica | ||
| 260 | _bProgreso Editorial | ||
| 260 | _c1997 | ||
| 300 | _a160 páginas | ||
| 650 |
_aCOSTA RICA _944176 |
||
| 650 |
_aHEREDIA _94426 |
||
| 650 |
_aHISTORIA _943 |
||
| 942 | _cBK | ||
| 999 |
_c9846 _d9846 |
||